Most Populous Massachusetts Municipalities in 1940 - Statistics

General Stats
  • This quiz has been taken 9 times
  • The average score is 12 of 20
Answer Stats
Population County Status Municipality % Correct
770,816 Suffolk City Boston
89%
75,810 Norfolk City Quincy
89%
149,554 Hampden City Springfield
89%
193,634 _________ City Worcester
89%
110,879 Middlesex City Cambridge
78%
62,343 Plymouth City Brockton
67%
115,428 Bristol City Fall River
67%
101,389 Middlesex City Lowell
67%
110,341 Bristol City New Bedford
67%
84,323 Essex City Lawrence
56%
98,123 Essex City Lynn
56%
58,010 Middlesex City Malden
56%
69,873 Middlesex City Newton
56%
49,684 Berkshire City Pittsfield
56%
102,177 Middlesex City Somerville
56%
46,784 Middlesex City Everett
44%
46,752 Essex City Haverhill
44%
53,750 Hampden City Holyoke
44%
63,083 Middlesex City Medford
33%
49,786 Norfolk Town Brookline
22%
No matching quizzes found
Score Distribution
Percent of People with Each Score
Percentile by Number Answered
Your Score History
You have not taken this quiz